<?xml version="1.0" encoding="UTF-8"?>
<marc:record xmlns:marc="http://www.loc.gov/MARC21/slim">
   <marc:leader>00000nam a2200000 a 4500</marc:leader>
   <marc:datafield ind1="1" ind2=" " tag="100">
      <marc:subfield code="a">Kästner, Erich</marc:subfield>
      <marc:subfield code="4">aut</marc:subfield>
      <marc:subfield code="e">Verfasser/-in</marc:subfield>
   </marc:datafield>
   <marc:datafield ind1=" " ind2=" " tag="653">
      <marc:subfield code="a">ab 6</marc:subfield>
   </marc:datafield>
   <marc:datafield ind1="0" ind2="0" tag="245">
      <marc:subfield code="a">Emil und die Detektive</marc:subfield>
   </marc:datafield>
   <marc:datafield ind1=" " ind2="1" tag="264">
      <marc:subfield code="b">Universum film</marc:subfield>
      <marc:subfield code="c">1931</marc:subfield>
   </marc:datafield>
   <marc:datafield ind1="1" ind2=" " tag="520">
      <marc:subfield code="a">2 Filme: schwarz-weiß 1931/coloriert 1954
1931: Emil wird im Zug nach Berlin von einem gemeinen Gauner um 120 Mark bestohlen. Weil er sich deswegen nicht zu seiner Großmutter traut, warten Oma und Pony Hütchen vergeblich am Bahnhof auf Emil....
1954: Emil Tischbein darf die Ferien bei seiner Großmutter in Berlin verbringen. Auf der Zugfahrt lernt er den Herrn Grundeis kennen. Jedoch bei seiner Ankunft in Berlin ist sein ganzes Geld gestohlen. Gut, dass Emil Gustav mit der Hupe und dessen Freunde  kennen lernt. Gemeinsam machen sie den Dieb ausfindig und können ihn entlarven.</marc:subfield>
   </marc:datafield>
   <marc:datafield ind1="3" ind2=" " tag="024">
      <marc:subfield code="a">8767017894</marc:subfield>
   </marc:datafield>
</marc:record>
